000 00425nam a2200157 a 4500
001 000045849
005 20201002052500.0
008 150522s19uu sp 000 0 spa d
020 _a8471752263
040 _aDO-SdBNP
_bspa
_cBNPHU
245 0 4 _aLas mejores poesias de la lengua castellana.
260 _aMadrid :
_bEdiciones 29,
_c[19uu].
300 _a309 p. ;
_c19 cm.
490 1 _aPríncipe
830 0 _aPríncipe
_973922
999 _c45338
_d45338